logo

Bir Sreshtho Munshi Abdur Rouf Library
Jhenaidah Cadet College

The Administration of the Sultanate of Delhi / (Record no. 6849)

MARC details
000 -LEADER
fixed length control field 00574nam a2200193 a 4500
003 - CONTROL NUMBER IDENTIFIER
JCCL marc code BD-JhCC
005 - DATE AND TIME OF LATEST TRANSACTION
control field 20180131102151.0
008 - FIXED-LENGTH DATA ELEMENTS--GENERAL INFORMATION
fixed length control field 180131s1958 p |||| || | 001 0 eng d
035 ## - SYSTEM CONTROL NUMBER
system control number (BD-JhCC)
040 ## - CATALOGING SOURCE
Original cataloging agency BD-JhCC
Modifying agency BD-JhCC
041 ## - LANGUAGE CODE
Language code of Book eng
082 ## - DEWEY DECIMAL CLASSIFICATION NUMBER
Classification number 352.05456
Author mark and Year QUR 1958
100 ## - MAIN ENTRY--PERSONAL NAME
Personal name Qureshi, Istiaq Husain
245 ## - TITLE STATEMENT
Title The Administration of the Sultanate of Delhi /
Statement of responsibility, etc Istiaq Husain Qureshi,
260 ## - PUBLICATION, DISTRIBUTION, ETC. (IMPRINT)
Place of publication, distribution, etc Pakistan :
Name of publisher, distributor, etc Pakistan Historical Society,
Date of publication, distribution, etc 1958
300 ## - PHYSICAL DESCRIPTION
Pagination 311 p. :
Dimensions 22 cm.
650 ## - SUBJECT ADDED ENTRY--TOPICAL TERM
Topical term or geographic name as entry element Muslims
General subdivision Political and Government
Geographic subdivision India

No items available.


JCC Library | Contacts | JCC Home

Last Update on 23 September 2017
Copyright @ 2017-2020 JCC Rouf Library
Rouf Library, Jhenidah Cadet College (JCC), Bangladesh